อนุสรณ์งานพระราชทานเพลิงศพ รองศาสตราจารย์ นพนิธิ สุริยะ ม.ป.ช., ม.ว.ม., ต.จ. 26 พฤศจิกายน 2565 ณ เมรุวัดมกุฎกษัตริยารามราชวรวิหาร เขตพระนคร กรุงเทพมหานคร. (ระเบียนเลขที่ 106980)
| 000 -LEADER | |
|---|---|
| fixed length control field | 01549nam a22002177a 4500 |
| 003 - CONTROL NUMBER IDENTIFIER | |
| control field | NALT |
| 005 - DATE AND TIME OF LATEST TRANSACTION | |
| control field | 20250826103013.0 |
| 008 - FIXED-LENGTH DATA ELEMENTS--GENERAL INFORMATION | |
| fixed length control field | 250716b th ||||| |||| 00| 0 tha d |
| 020 ## - INTERNATIONAL STANDARD BOOK NUMBER | |
| Qualifying information | |
| 040 ## - CATALOGING SOURCE | |
| Original cataloging agency | NALT |
| 090 ## - LOCALLY ASSIGNED LC-TYPE CALL NUMBER (OCLC); LOCAL CALL NUMBER (RLIN) | |
| Classification number (OCLC) (R) ; Classification number, CALL (RLIN) (NR) | อศ |
| Local cutter number (OCLC) ; Book number/undivided call number, CALL (RLIN) | น171อ 2565 |
| 245 10 - TITLE STATEMENT | |
| Title | อนุสรณ์งานพระราชทานเพลิงศพ รองศาสตราจารย์ นพนิธิ สุริยะ ม.ป.ช., ม.ว.ม., ต.จ. 26 พฤศจิกายน 2565 ณ เมรุวัดมกุฎกษัตริยารามราชวรวิหาร เขตพระนคร กรุงเทพมหานคร. |
| 260 ## - PUBLICATION, DISTRIBUTION, ETC. | |
| Place of publication, distribution, etc. | กรุงเทพฯ : |
| Name of publisher, distributor, etc. | โรงพิมพ์เดือนตุลา, |
| Date of publication, distribution, etc. | 2565. |
| 300 ## - PHYSICAL DESCRIPTION | |
| Extent | 175 หน้า : |
| Other physical details | ภาพประกอบ; |
| Dimensions | 26 ซม. |
| 505 2# - FORMATTED CONTENTS NOTE | |
| Formatted contents note | สำนึกในพระมหากรุณาธิคุณ --<br/>ประวัติ --<br/>ประมวลภาพ --<br/>ในความทรงจำ --<br/>อาจารย์นพ --<br/>กฎหมายระหว่างประเทศแผนกคดีเมืองและกฎหมายสิทธิมนุษยชน --<br/>บทความวิชาการของลูกศิษย์. |
| 600 04 - SUBJECT ADDED ENTRY--PERSONAL NAME | |
| Personal name | นพนิธิ สุริยะ |
| General subdivision | ชีวประวัติ |
| 9 (RLIN) | 66502 |
| 942 ## - ADDED ENTRY ELEMENTS (KOHA) | |
| Koha item type | Cremation Book |
| Source of classification or shelving scheme | Local Classification |
| 996 ## - STAFF PROCESSING RECORDS (NALT) | |
| Staff name | kanyakorn.i |
| Staff type | LIBSTF |
| Acquisition or Cataloging date | 2025-07-16 |
| 996 ## - STAFF PROCESSING RECORDS (NALT) | |
| Staff name | jamriang.p |
| Staff type | CATSTF |
| Acquisition or Cataloging date | 2025-08-26 |
| 998 ## - STAFF NAME (NALT) | |
| -- | 1020 |
| -- | นางจำเรียง ระวังสำโรง |
| Withdrawn status | Lost status | Source of classification or shelving scheme | Damaged status | Not for loan | Collection code | Home library | Current library | Shelving location | Date acquired | Total Checkouts | Full call number | Barcode | Date last seen | Price effective from | Koha item type |
|---|---|---|---|---|---|---|---|---|---|---|---|---|---|---|---|
| Local Classification | Cremation collection | National Assembly Library of Thailand | National Assembly Library of Thailand | Cremation corner | 16/07/2025 | อศ น171อ 2565 | 3961215473 | 16/07/2025 | 16/07/2025 | Cremation Book |
